| 000 | 00346nam a22000977a 4500 | ||
|---|---|---|---|
| 008 | 130415b xxu||||| |||| 00| 0 eng d | ||
| 020 |
_a9780470505199 _cAvalable |
||
| 050 |
_a530.0285ALB _b002292 |
||
| 245 |
_aAlgorithms In Computational Molecular Biology Techniques,Approaches And Applications _cMourad Elloumi,Albert Y.Zomaya |
||
| 260 |
_aUSA _bWiley _c2011 |
||
| 999 |
_c23384 _d23384 |
||